000
00305nam a2200121Ia 4500
005
20251222141801.0
008
251222s9999||||xx |||||||||||||| ||spa||
082
_a
362.828.3/P43/Ej.2
100
_a
Pereira Ventura Soares, Maria Luisa
245
0
_a
Abordaje Social
264
_b
Saulus Pulista
942
_c
LIB
999
_c
6161
_d
6161